000 00191 a2200097 4500
001 5293
100 _aDurell,CV
245 _aSchool mechanics,A
260 _a
_bBell
_c
090 _c4397
_d4397
942 _aNUST-CAE
_cM
_c30708
999 _c240366
_d240366